Direito Penal para provas e concursos (Record no. 130697)

MARC details
000 -LÍDER
campo de controle de tamanho fixo 00558 a2200205 4500
001 - NÚMERO DE CONTROLE
campo de controle 130697
020 ## - ISBN - INTERNATIONAL STANDARD BOOK NUMBER
ISBN - International Standard Book Number 85-02-01675-X
040 ## - FONTE DA CATALOGAÇÃO
Instituição que transcreveu o registro Leonardo Da Vinci
041 ## - CÓDIGO DE IDIOMA
Código do idioma do texto/trilha sonora ou título diferente Português
082 ## - CDD - CLASSIFICAÇÃO DECIMAL DE DEWEY
Número de Classificação 345.01 S166d
Número do exemplar S166d
100 ## - ENTRADA PRINCIPAL--NOME PESSOAL
Nome pessoal SALLES JUNIOR, Romeu de Almeida
245 ## - TÍTULO
Título Direito Penal para provas e concursos
250 ## - EDIÇÃO
Edição 4.ed
260 ## - PUBLICAÇÃO, DISTRIBUIÇÃO, ETC.
Nome do editor, distribuidor, etc. Saraiva
Data da publicação, distribuição, etc. 1996
Local de publicação, distribuição, etc. São Paulo
300 ## - DESCRIÇÃO FÍSICA
Extensão 591
362 ## - DATAS DE PUBLICAÇÃO E/OU DESIGNAÇÃO SEQUENCIAL
Datas de publicação e/ou designação sequencial 19960000
500 ## - NOTA GERAL
Nota geral Edição aumentada
697 ## - ENTRADA DE ASSUNTO LOCAL--ENTIDADE COLETIVA (RLIN)
Nome corporativo ou nome da jurisdição Direito
-- Direito Penal
-- Legislação
-- Leis
-- Prova
-- Concurso
-- Brasil
-- FIPEN
942 ## - ELEMENTOS DE ENTRADA ADICIONADOS (KOHA)
Tipo de material Koha Livros
Holdings
Situação do descarte Situação das perdas Situação física Não pode ser emprestado Biblioteca de origem Biblioteca atual Data de aquisição Total de empréstimos Número de chamada completo Código de barras Data de último acesso Data do preço efetivo Tipo de material Koha
        Leonardo Da Vinci - Osasco Leonardo Da Vinci - Osasco 27/03/2024   345.01 S166d O000063 27/03/2024 27/03/2024 Livros